书目信息 |
| 题名: |
杜尚访谈录
|
|
| 作者: | 卡巴内 著 ;王瑞芸 译 | |
| 分册: | ||
| 出版信息: | 北京 文化艺术出版社 1997.03 |
|
| 页数: | 201页 | |
| 开本: | 32开 | |
| 丛书名: | 思想者书系 | |
| 单 册: | ||
| 中图分类: | J03 | |
| 科图分类: | ||
| 主题词: | 艺术--工作人员 | |
| 电子资源: | ||
| ISBN: | 7-5039-1560-9 | |
| 000 | 00657nam0 2200229 45 | |
| 001 | 0110240974 | |
| 005 | 20031219104051.2 | |
| 010 | @a7-5039-1560-9@dCNY10.50 | |
| 100 | @a20011024d1997 km y0chiy0120 ea | |
| 101 | 0 | @achi@cfre |
| 105 | @aca z 000yy | |
| 200 | 1 | @a杜尚访谈录@ADu Shang Fang Tan Lu@f(法)卡巴内著@F(Fa)Ka Ba Nei Zhu@g王瑞芸译 |
| 210 | @a北京@c文化艺术出版社@d1997.03 | |
| 215 | @a201页@c冠图@d32开 | |
| 225 | @a思想者书系 | |
| 410 | @12001 @a思想者书系 | |
| 606 | 0 | @a艺术@x工作人员 |
| 690 | @aJ03@v4 | |
| 701 | @a卡巴内@4著 | |
| 702 | 0 | @a王瑞芸@AWang Rui Yun@4译 |
| 801 | @aCN@bTSTC@c20011024 | |
| 905 | @f5@b299738-742@dJ03@e81 | |
| 杜尚访谈录/(法)卡巴内著/王瑞芸译.-北京:文化艺术出版社,1997.03 |
| 201页:冠图;32开.-(思想者书系) |
| ISBN 7-5039-1560-9:CNY10.50 |
| ● |
| 相关链接 |
|
|
|
|
正题名:杜尚访谈录
索取号:J03/81
 
预约/预借
| 序号 | 登录号 | 条形码 | 馆藏地/架位号 | 状态 | 备注 |
| 1 | 0299738 | 202997383 | 第一借阅区/ [索取号:J03/81] | 在馆 | |
| 2 | 0299739 | 202997392 | 第一借阅区/ [索取号:J03/81] | 在馆 | |
| 3 | 0299740 | 202997409 | 第一借阅区/ [索取号:J03/81] | 在馆 | |
| 4 | 0299741 | 202997418 | 第一借阅区/ [索取号:J03/81] | 在馆 | |
| 5 | 0299742 | 202997427 | 第一样本阅览室/ [索取号:J03/81] | 在馆 | |
| 6 | 0304396 | 203043964 | 第一借阅区/ [索取号:J03/81] | 在馆 | |
| 7 | 0304397 | 203043973 | 第一借阅区/ [索取号:J03/81] | 在馆 | |
| 8 | 0304398 | 203043982 | 第一借阅区/ [索取号:J03/81] | 在馆 | |
| 9 | 0304399 | 203043991 | 第一借阅区/ [索取号:J03/81] | 在馆 |